Moderní reklama Umění zaujmout

Enregistré dans:
Détails bibliographiques
Auteur principal: Schultz, Don E.
Autres auteurs: Špaček, Robert
Format: Livre
Langue:tchèque
Publié: Praha Grada 1995
Édition:1. vyd.
Sujets:
Tags: Ajouter un tag
Pas de tags, Soyez le premier à ajouter un tag!

MARC

LEADER 00000nam a2200000 4500
001 c010207
005 20221205133308.5
020 |a 80-7169-062-7 
041 0 |a cze 
044 |a CZ 
245 1 0 |a Moderní reklama  |b Umění zaujmout  |c Don E. Schultz ; [Z angl. prel.] Robert Špaček 
250 |a 1. vyd. 
264 1 |a Praha  |b Grada  |c 1995 
300 |a 668 s. 
610 2 0 |a reklama 
610 2 0 |a marketing 
610 2 0 |a marketing mix 
610 2 0 |a plánovanie podnikové 
610 2 0 |a propagácia 
610 2 0 |a predaj 
100 1 |a Schultz, Don E. 
700 1 |a Špaček, Robert